| 000 | 00457nam a2200169Ia 4500 | ||
|---|---|---|---|
| 008 | 230917s9999||||xx |||||||||||||| ||und|| | ||
| 020 | _cRS150 | ||
| 040 |
_e238346 _aMAIN |
||
| 041 | _aEnglish | ||
| 082 | _aB N315B:P | ||
| 100 | _aBeniwal, Bhale Ram | ||
| 245 | 0 | _aPandit Jawahar Lal Nehru ka asali chehra | |
| 260 |
_aKarnal _bBhale Ram Beniwal _c2016 |
||
| 300 | _a144 p. | ||
| 500 | _a2626 23/02/2017 HBD17/6828 23/02/2017 Main Budget | ||
| 942 | _cBK | ||
| 999 |
_c21599 _d21599 |
||